<?xml version="1.0" encoding="UTF-8"?>
<record
    xmlns:xsi="http://www.w3.org/2001/XMLSchema-instance"
    xsi:schemaLocation="http://www.loc.gov/MARC21/slim http://www.loc.gov/standards/marcxml/schema/MARC21slim.xsd"
    xmlns="http://www.loc.gov/MARC21/slim">

  <leader>00573nam a22001217a 4500</leader>
  <datafield tag="040" ind1=" " ind2=" ">
    <subfield code="c">RUA</subfield>
  </datafield>
  <datafield tag="100" ind1=" " ind2=" ">
    <subfield code="a">LONG RAKSMEY,&#x17A1;&#x17BB;&#x1784; &#x179A;&#x179F;&#x17D2;&#x1798;&#x17B8;</subfield>
  </datafield>
  <datafield tag="245" ind1=" " ind2=" ">
    <subfield code="a">CALCULATION OF MOUNTAIN VOLUME USING DRONE PPK TICHNOLOGY AND DGPS,&#x1780;&#x17B6;&#x179A;&#x1782;&#x178E;&#x1793;&#x17B6;&#x1798;&#x17B6;&#x178C;&#x1797;&#x17D2;&#x1793;&#x17C6;&#x178A;&#x17C4;&#x1799;&#x1794;&#x17D2;&#x179A;&#x17BE;&#x1794;&#x17D2;&#x179A;&#x17B6;&#x179F;&#x17CB;&#x1794;&#x1785;&#x17D2;&#x1785;&#x17C1;&#x1780;&#x179C;&#x17B7;&#x1791;&#x17D2;&#x1799;&#x17B6; DRONE PPK &#x1793;&#x17B7;&#x1784;&#x17A7;&#x1794;&#x1780;&#x179A;&#x178E;&#x17CD;&#x200B; DGPS</subfield>
  </datafield>
  <datafield tag="260" ind1=" " ind2=" ">
    <subfield code="a">phnom penh</subfield>
    <subfield code="b">rua</subfield>
    <subfield code="c">2019</subfield>
  </datafield>
  <datafield tag="300" ind1=" " ind2=" ">
    <subfield code="a">x.49p.</subfield>
    <subfield code="b">ill.</subfield>
    <subfield code="c">29cm.</subfield>
  </datafield>
  <datafield tag="856" ind1=" " ind2=" ">
    <subfield code="u">https://drive.google.com/file/d/1Bhf236FCxtNQE_QYpTQd9AgrO3redjqg/view?usp=share_link</subfield>
  </datafield>
  <datafield tag="942" ind1=" " ind2=" ">
    <subfield code="c">LMA</subfield>
  </datafield>
  <datafield tag="999" ind1=" " ind2=" ">
    <subfield code="c">20502</subfield>
    <subfield code="d">20502</subfield>
  </datafield>
  <datafield tag="952" ind1=" " ind2=" ">
    <subfield code="0">0</subfield>
    <subfield code="1">0</subfield>
    <subfield code="2">ddc</subfield>
    <subfield code="4">0</subfield>
    <subfield code="6">LMA_LON_2019_000000000000000_B467_OR</subfield>
    <subfield code="7">0</subfield>
    <subfield code="9">91366</subfield>
    <subfield code="a">LBB</subfield>
    <subfield code="b">LBB</subfield>
    <subfield code="c">B467</subfield>
    <subfield code="d">2022-09-14</subfield>
    <subfield code="o">LMA LON 2019 B467 Or.</subfield>
    <subfield code="p">A069000</subfield>
    <subfield code="r">2022-09-14</subfield>
    <subfield code="w">2022-09-14</subfield>
    <subfield code="y">LMA</subfield>
  </datafield>
  <datafield tag="952" ind1=" " ind2=" ">
    <subfield code="0">0</subfield>
    <subfield code="1">0</subfield>
    <subfield code="2">ddc</subfield>
    <subfield code="4">0</subfield>
    <subfield code="6">LMA_LON_2019_000000000000000_B467_OR</subfield>
    <subfield code="7">0</subfield>
    <subfield code="9">91367</subfield>
    <subfield code="a">LBB</subfield>
    <subfield code="b">LBB</subfield>
    <subfield code="c">B467</subfield>
    <subfield code="d">2022-09-14</subfield>
    <subfield code="o">LMA LON 2019 B467 Or.</subfield>
    <subfield code="p">A068944</subfield>
    <subfield code="r">2022-09-14</subfield>
    <subfield code="w">2022-09-14</subfield>
    <subfield code="y">LMA</subfield>
  </datafield>
  <datafield tag="952" ind1=" " ind2=" ">
    <subfield code="0">0</subfield>
    <subfield code="1">0</subfield>
    <subfield code="2">ddc</subfield>
    <subfield code="4">0</subfield>
    <subfield code="6">LMA_LON_2019_000000000000000_B467_OR</subfield>
    <subfield code="7">0</subfield>
    <subfield code="9">91368</subfield>
    <subfield code="a">LBB</subfield>
    <subfield code="b">LBB</subfield>
    <subfield code="c">B467</subfield>
    <subfield code="d">2022-09-14</subfield>
    <subfield code="o">LMA LON 2019 B467 Or.</subfield>
    <subfield code="p">A069058</subfield>
    <subfield code="r">2022-09-14</subfield>
    <subfield code="w">2022-09-14</subfield>
    <subfield code="y">LMA</subfield>
  </datafield>
  <datafield tag="952" ind1=" " ind2=" ">
    <subfield code="0">0</subfield>
    <subfield code="1">0</subfield>
    <subfield code="2">ddc</subfield>
    <subfield code="4">0</subfield>
    <subfield code="6">LMA_LON_2019_000000000000000_B467_OR</subfield>
    <subfield code="7">0</subfield>
    <subfield code="9">91369</subfield>
    <subfield code="a">LBB</subfield>
    <subfield code="b">LBB</subfield>
    <subfield code="c">B467</subfield>
    <subfield code="d">2022-09-14</subfield>
    <subfield code="l">1</subfield>
    <subfield code="o">LMA LON 2019 B467 Or.</subfield>
    <subfield code="p">A068884</subfield>
    <subfield code="r">2023-10-18</subfield>
    <subfield code="s">2023-09-04</subfield>
    <subfield code="w">2022-09-14</subfield>
    <subfield code="y">LMA</subfield>
  </datafield>
  <datafield tag="952" ind1=" " ind2=" ">
    <subfield code="0">0</subfield>
    <subfield code="1">0</subfield>
    <subfield code="2">ddc</subfield>
    <subfield code="4">0</subfield>
    <subfield code="6">LMA_LON_2019_000000000000000_B467_OR</subfield>
    <subfield code="7">0</subfield>
    <subfield code="9">91380</subfield>
    <subfield code="a">LBB</subfield>
    <subfield code="b">LBB</subfield>
    <subfield code="c">B467</subfield>
    <subfield code="d">2022-09-14</subfield>
    <subfield code="o">LMA LON 2019 B467 Or.</subfield>
    <subfield code="p">A43288</subfield>
    <subfield code="r">2022-09-14</subfield>
    <subfield code="w">2022-09-14</subfield>
    <subfield code="y">LMA</subfield>
  </datafield>
</record>
